00978cam a2200253 a 450000100060000000300080000600500170001400800410003103500190007204000380009104100130012908200260014210000290016824500710019725000120026826000520028030000210033265000170035370000320037094200150040299900170041795201500043495201400058432174BD-RjUL20211209051810.0140424r19601952ii b 000 0 eng d a(BD-RjUL)32263 aLCbengcLCdNNCU:AdANLdBD-RjUL0 aengasan04a181.452219bBAY 19600 aBallantyne, J. R.99791910aYoga-sutra of Patanjali /cJ.R. Ballantyne and Govind Sastri Deva. a2nd ed. aCalcutta :bSusil Gupta,c1952 [Reprinted 1960] a114 p. ;c23 cm. 0aYoga.9979201 aSastri, Govind Deva.997921 2ddccBK01 c32174d32174 00102ddc40708NFICaRUCLbRUCLcStackd1965-06-03eOrientaliag3.00l1o181.452 BAY 1960r2016-03-29 00:00:00s2016-03-23tC-2w2014-04-24yBK 00102ddc40718NFICaRUCLbRUCLcReadingd1965-06-03eOrientaliag3.00l0o181.452 BAY 1960r2014-04-24 00:00:00tC-1w2014-04-24yBK